| 000 | 01027nam a2200289Ia 4500 | ||
|---|---|---|---|
| 003 | GCL | ||
| 005 | 20240530104435.0 | ||
| 008 | 140319s9999 xx 000 0 ara d | ||
| 020 | _a9772820242 | ||
| 040 |
_aGCL / _cGCL |
||
| 082 | 0 | 4 |
_a658.1 _bج ا |
| 100 | 1 | _aجراهام، كول بليز | |
| 245 | 1 | 0 |
_aادارة المنشات العامة / _cتاليف جراهام، كول بليز ؛ ترجمة محمد عبدالكريم ؛ مراجعة وفيق مازن |
| 250 | _aط1 | ||
| 260 |
_aالقاهرة : _bالدار الدولية للنشر والتوزيع ، _c1996 |
||
| 300 |
_a399 ص؛ _c24 سم |
||
| 650 | 0 | 4 | _aالادارة |
| 650 | 0 | 4 | _aالادارة العامة |
| 650 | 0 | 4 | _aادارة الافراد |
| 650 | 0 | 4 | _aالقيادة |
| 650 | 0 | 4 | _aالبيروقراطية |
| 650 | 0 | 4 | _aالمبانى الادارية |
| 700 | 1 |
_aمحمد عبدالكريم _eمترجم |
|
| 700 | 1 |
_aهايز, ستيفن و. _eمولف |
|
| 700 | 1 |
_aوفيق مازن _eمراجع |
|
| 942 |
_2ddc _cBK |
||
| 999 |
_c47703 _d47703 |
||